000 00593 a2200181 4500
999 _c5517
_d5517
010 _aENG-86890
020 _c545.00
_a0195686497
035 _aEN-70423
037 _bDBAD / PUB
082 1 4 _a342.54
100 _aSen, Sarbani
245 1 _aThe constitution of India :
_cby Sarbani Sen
_bpopular sovereignty and democratic transformation /
260 _aNew Delhi
_bOxford University Press
_c2007
270 _aYMCA Library Building, Jai Singh Road
_bNew Delhi
_e110 045
300 _avii, 214p
_c21cm (Hb)
500 _aIncludes index
942 _adpl
_cEN
_2ddc
_h342.54
_mSEN